| 000 | 01145nam a2200337 4500 | ||
|---|---|---|---|
| 003 | EG-GICUC | ||
| 005 | 20260301184313.0 | ||
| 008 | 251122s1936 it ||||fr|||| 00| 0 ita d | ||
| 040 |
_aEG-GiCUC _bita _cEG-GiCUC _dEG-GiCUC _erda |
||
| 041 | _aita | ||
| 082 | 0 | 4 |
_221 _a341.1 _bQ U . S |
| 092 | 0 | 4 | _221 |
| 099 | _aLaw1 12 341.1 Q U . S 1936 | ||
| 100 | 1 |
_aQuadri, Rolando _eAuthor. |
|
| 245 | 1 | 3 |
_aLa sudditanza nel diritto internazionale / _cRolando Quadri. |
| 264 | 1 |
_aPadova : _bCEDAM, Casa Editrice Dott. Antonio Milani, _c1936. |
|
| 300 |
_a325 pages ; _c24 cm |
||
| 336 |
_2rda content _atext |
||
| 337 |
_2rda media _aComputer |
||
| 338 |
_2rda carrier _aOnline Resource |
||
| 490 | 0 |
_3Studi di diritto pubblico, diretti da Donato Donati, _v7 |
|
| 504 | _aDiritto penale internazionale | ||
| 546 | _a Text in Italian | ||
| 650 | 1 |
_aNazionalità - Diritto internazionale _2qrmak |
|
| 651 | 1 | _2qrmak | |
| 700 | 1 |
_a Donati, Donato _eeditor. |
|
| 830 | _0Studi di diritto pubblico, diretti da Donato Donati, | ||
| 856 | 4 | 0 | _uhttps://fll.law.cu.edu.eg/fulltext/bks/B11-08256.pdf |
| 905 |
_a75 _eYara |
||
| 942 |
_2ddc _n0 _cBK _e21 |
||
| 999 |
_c45268 _d45268 |
||